[Event "POR-chT"]
[Site "Aveiro"]
[Date "2000.06.24"]
[Round "8"]
[White "Serdean, Pavel Dorin"]
[Black "Dias, Paulo Jorge Guimara"]
[Result "0-1"]
[WhiteElo "2234"]
[BlackElo "2267"]
[PlyCount "136"]
[EventDate "2000.06.11"]
[EventType "team-swiss"]
[EventRounds "9"]
[EventCountry "POR"]
[SourceTitle "EXT 2001"]
[Source "ChessBase"]
[SourceDate "2000.11.22"]
[SourceVersion "1"]
[SourceVersionDate "2000.11.22"]
[SourceQuality "1"]

1. d4 c5 2. d5 e5 3. e4 d6 4. Nc3 g6 5. h3 f5 6. Bb5+ Kf7 7. exf5 Bxf5 8. g4 Bc8 9. Nf3 Nf6 10. Ng5+ Kg7 11. Qf3 Be7 12. Ne6+ Bxe6 13. dxe6 e4 14. Nxe4 Rf8 15. Nxf6 Qa5+ 16. Bd2 Qxb5 17. g5 Nc6 18. 0-0-0 Nd4 19. Qd5 Qa4 20. Kb1 Qxc2+ 21. Ka1 Qd3 22. a3 Qb3 23. Qxb3 Nxb3+ 24. Ka2 Nxd2 25. Rxd2 Bxf6 26. gxf6+ Kxf6 27. Rxd6 Rad8 28. Rhd1 Rxd6 29. Rxd6 Re8 30. Rd7 Re7 31. Rd8 Kxe6 32. Kb3 Rd7 33. Re8+ Kd5 34. Rf8 b5 35. Kc2 Ke4 36. Rb8 a6 37. Rf8 Rd6 38. Rf7 h5 39. Rf8 g5 40. f3+ Ke5 41. Rc8 c4 42. a4 Rd3 43. axb5 axb5 44. Rf8 Rd4 45. Kc3 Rh4 46. Kb4 Rxh3 47. Kxb5 Rh2 48. Kxc4 Rxb2 49. Kd3 h4 50. Ke3 h3 51. Rh8 h2 52. Rh7 Rg2 53. Rh5 Kd6 54. Ke4 Ra2 55. Ke3 Ke6 56. Rh8 Kd5 57. Rh5 Kc4 58. Rh8 Rg2 59. Rc8+ Kb3 60. Rb8+ Kc2 61. Rc8+ Kd1 62. Ra8 Re2+ 63. Kd3 Rd2+ 64. Ke3 Ke1 65. Rh8 Re2+ 66. Kd3 Kf1 67. Rh5 Rg2 68. Ke3 Kg1 0-1

[Event "POR-chT"]
[Site "Aveiro"]
[Date "2000.06.17"]
[Round "4"]
[White "Serdean, Pavel Dorin"]
[Black "Fernandes, Antonio ETG"]
[Result "0-1"]
[WhiteElo "2234"]
[BlackElo "2448"]
[PlyCount "112"]
[EventDate "2000.06.11"]
[EventType "team-swiss"]
[EventRounds "9"]
[EventCountry "POR"]
[SourceTitle "EXT 2001"]
[Source "ChessBase"]
[SourceDate "2000.11.22"]
[SourceVersion "1"]
[SourceVersionDate "2000.11.22"]
[SourceQuality "1"]

1. d4 f5 2. e4 fxe4 3. Nc3 Nf6 4. Bg5 Nc6 5. d5 Ne5 6. Qd4 Nf7 7. Bxf6 exf6 8. Nxe4 Be7 9. c3 0-0 10. Bc4 f5 11. Ng3 Bf6 12. Qd2 Re8+ 13. N1e2 Ne5 14. d6+ Kh8 15. dxc7 Qxc7 16. Bd5 Nc4 17. Bxc4 Qxc4 18. Nxf5 Bxc3 19. bxc3 Rxe2+ 20. Qxe2 Qxc3+ 21. Qd2 Qxa1+ 22. Ke2 Qe5+ 23. Qe3 d6 24. Qxe5 dxe5 25. Nd6 Be6 26. a3 Bd5 27. f3 Rd8 28. Nf5 Bc4+ 29. Ke3 b5 30. Ke4 Bd3+ 31. Kxe5 Re8+ 32. Kf4 Rf8 33. g4 g6 34. Ke3 Bxf5 35. gxf5 Rxf5 36. Rd1 a5 37. Rd7 Rh5 38. Rb7 a4 39. h4 Kg8 40. Kd3 Kf8 41. Ke3 Ke8 42. Kf2 Kd8 43. Kg3 Kc8 44. Re7 Kb8 45. f4 Rc5 46. Rxh7 Rc3+ 47. Kg4 Rxa3 48. Rg7 Ra1 49. Rg8+ Kc7 50. Rg7+ Kd8 51. Kg5 a3 52. Ra7 a2 53. Kf6 b4 54. f5 gxf5 55. h5 b3 56. h6 Rh1 0-1

[Event "POR-chT"]
[Site "Aveiro"]
[Date "2000.06.11"]
[Round "1"]
[White "Serdean, Pavel Dorin"]
[Black "Santos, Carlos Pereira Dos"]
[Result "0-1"]
[WhiteElo "2234"]
[BlackElo "2379"]
[PlyCount "112"]
[EventDate "2000.06.11"]
[EventType "team-swiss"]
[EventRounds "9"]
[EventCountry "POR"]
[SourceTitle "EXT 2001"]
[Source "ChessBase"]
[SourceDate "2000.11.22"]
[SourceVersion "1"]
[SourceVersionDate "2000.11.22"]
[SourceQuality "1"]

1. d4 Nf6 2. Nf3 g6 3. Bg5 Bg7 4. Nbd2 d5 5. e3 0-0 6. Bd3 b6 7. Qe2 Bb7 8. 0-0 Ne4 9. Bf4 Nd7 10. Bxe4 dxe4 11. Ng5 Nf6 12. Be5 Re8 13. Qc4 Bd5 14. Qa4 h6 15. Bxf6 exf6 16. Nh3 g5 17. Kh1 f5 18. c4 Bb7 19. Qc2 Qf6 20. Rad1 Rad8 21. b4 f4 22. d5 Bc8 23. Ng1 Qc3 24. Qxc3 Bxc3 25. a3 Bg4 26. f3 exf3 27. gxf3 Bxd2 28. exf4 Bxf3+ 29. Nxf3 Bxf4 30. Nd4 Re4 31. Rfe1 Rde8 32. Rxe4 Rxe4 33. c5 bxc5 34. bxc5 Be3 35. Nb3 Kf8 36. d6 cxd6 37. Rxd6 Re6 38. Rd7 Rc6 39. Rxa7 Bxc5 40. Ra8+ Kg7 41. a4 Be3 42. Rd8 Rc3 43. Nd4 Bxd4 44. Rxd4 Rc2 45. h4 Kg6 46. Rd6+ f6 47. hxg5 hxg5 48. a5 Ra2 49. a6 g4 50. Rb6 Kg5 51. Kg1 f5 52. Rc6 f4 53. Rb6 Kh4 54. Rc6 Kg3 55. Rc1 Rg2+ 56. Kf1 Rh2 0-1

[Event "Deva tt"]
[Site "Deva"]
[Date "1999.??.??"]
[Round "?"]
[White "Ilisan, Gh"]
[Black "Serdean, Pavel Dorin"]
[Result "0-1"]
[WhiteElo "1740"]
[BlackElo "2220"]
[PlyCount "48"]
[EventDate "1999.07.??"]
[EventType "team"]
[EventRounds "9"]
[EventCountry "ROU"]
[SourceTitle "EXT 2004"]
[Source "ChessBase"]
[SourceDate "2003.11.25"]
[SourceVersion "1"]
[SourceVersionDate "2003.11.25"]
[SourceQuality "1"]

1. c4 e6 2. Nf3 d5 3. d4 Nf6 4. Nc3 c5 5. cxd5 exd5 6. e3 Nc6 7. Bb5 a6 8. Bxc6+ bxc6 9. Ne5 Qc7 10. 0-0 Bd6 11. f4 0-0 12. Bd2 a5 13. Na4 Ba6 14. Rf3 Ne4 15. Be1 f6 16. dxc5 Bxe5 17. fxe5 fxe5 18. Nb6 Rad8 19. Qc2 Qe7 20. Rc1 Rxf3 21. gxf3 Qg5+ 22. Kh1 Qxe3 23. fxe4 Bd3 24. Qf2 Bxe4+ 0-1

[Event "Deva tt"]
[Site "Deva"]
[Date "1999.??.??"]
[Round "?"]
[White "Pop, Valer"]
[Black "Serdean, Pavel Dorin"]
[Result "0-1"]
[WhiteElo "2075"]
[BlackElo "2220"]
[PlyCount "98"]
[EventDate "1999.07.??"]
[EventType "team"]
[EventRounds "9"]
[EventCountry "ROU"]
[SourceTitle "EXT 2004"]
[Source "ChessBase"]
[SourceDate "2003.11.25"]
[SourceVersion "1"]
[SourceVersionDate "2003.11.25"]
[SourceQuality "1"]

1. c4 e6 2. Nc3 d5 3. cxd5 exd5 4. g3 Nf6 5. Bg2 c6 6. d4 Bd6 7. Bg5 Nbd7 8. Nf3 h6 9. Bd2 0-0 10. 0-0 Re8 11. Ne1 Qb6 12. e3 Qxb2 13. Nd3 Qb6 14. Ne2 Qd8 15. Bb4 Bxb4 16. Nxb4 Nb6 17. Nf4 Bf5 18. Nfd3 a5 19. Nc2 Nc4 20. Nce1 b6 21. Nf3 Be4 22. Nfe5 Bxg2 23. Kxg2 Nxe5 24. Nxe5 c5 25. a4 c4 26. Qf3 Re6 27. h4 Ra7 28. Ra2 Ne4 29. Rc1 Qe8 30. Qd1 Rb7 31. Rb2 f6 32. Nf3 Rc6 33. Rb5 Qe6 34. Ng1 Nd6 35. Rb2 Qe4+ 36. Qf3 Qxf3+ 37. Kxf3 b5 38. axb5 Rxb5 39. Ra2 g5 40. hxg5 hxg5 41. Ne2 Ne4 42. g4 c3 43. Kg2 Rb2 44. Rc2 Rcb6 45. Kf3 Rxc2 46. Rxc2 Rb2 47. Rc1 c2 48. Ng3 Nd2+ 49. Ke2 Nb3 0-1

[Event "Deva tt"]
[Site "Deva"]
[Date "1999.??.??"]
[Round "?"]
[White "Serdean, Pavel Dorin"]
[Black "Nanu, Ciprian Costica"]
[Result "0-1"]
[WhiteElo "2225"]
[BlackElo "2395"]
[PlyCount "95"]
[EventDate "1999.07.??"]
[EventType "team"]
[EventRounds "9"]
[EventCountry "ROU"]
[SourceTitle "EXT 2004"]
[Source "ChessBase"]
[SourceDate "2003.11.25"]
[SourceVersion "1"]
[SourceVersionDate "2003.11.25"]
[SourceQuality "1"]

1. d4 g6 2. e4 c6 3. Nf3 Bg7 4. Bd3 d6 5. 0-0 e5 6. c3 Ne7 7. Nbd2 0-0 8. Nc4 d5 9. Ncd2 dxe4 10. Nxe4 f5 11. Bc4+ Nd5 12. Ng3 e4 13. Ne5 Nd7 14. f4 Nxe5 15. dxe5 Be6 16. Qe2 b5 17. Bb3 Qb6+ 18. Kh1 a5 19. c4 bxc4 20. Bxc4 Rfb8 21. a4 Bf8 22. b3 Bc5 23. Bd2 Bd4 24. Rab1 c5 25. Qe1 Nc7 26. Qe2 Bxc4 27. Qxc4+ Qe6 28. Rfc1 Qxc4 29. Rxc4 Nd5 30. Ne2 Nb6 31. Rc2 Nxa4 32. Ra2 Nb6 33. Rxa5 Rxa5 34. Bxa5 Nc4 35. Bc7 Rb7 36. Rc1 Nb2 37. Nxd4 cxd4 38. e6 Nd3 39. Rc4 Rb4 40. Rc6 e3 41. e7 Kf7 42. Bd8 Nf2+ 43. Kg1 Ne4 44. Kf1 d3 45. g4 Rxb3 46. Re6 Ke8 47. gxf5 e2+ 48. Kg2 0-1

[Event "Deva tt"]
[Site "Deva"]
[Date "1998.??.??"]
[Round "9"]
[White "Partac, Elena"]
[Black "Serdean, Pavel Dorin"]
[Result "0-1"]
[WhiteElo "2080"]
[BlackElo "2215"]
[PlyCount "58"]
[EventDate "1998.07.??"]
[EventType "team"]
[EventRounds "9"]
[EventCountry "ROU"]
[SourceTitle "EXT 2004"]
[Source "ChessBase"]
[SourceDate "2003.11.25"]
[SourceVersion "1"]
[SourceVersionDate "2003.11.25"]
[SourceQuality "1"]

1. e4 c6 2. d4 d5 3. exd5 cxd5 4. Bd3 Nc6 5. c3 Nf6 6. Bf4 Bg4 7. Qb3 Qd7 8. Nd2 0-0-0 9. Ngf3 Bf5 10. Bb5 Qe6+ 11. Kf1 Ne4 12. Nxe4 Bxe4 13. Ng5 Qg6 14. Nxe4 dxe4 15. Bxc6 Qxc6 16. Qxf7 Qb5+ 17. Kg1 Qxb2 18. Qe6+ Rd7 19. Rc1 g5 20. Bxg5 Bg7 21. Qxe4 Rf8 22. Qc2 Qb5 23. Be3 Qh5 24. h3 e5 25. Kh2 Bh6 26. Qd2 Bf4+ 27. Bxf4 exf4 28. Rhe1 Rg7 29. Qe2 Rxg2+ 0-1

[Event "Deva tt"]
[Site "Deva"]
[Date "1998.??.??"]
[Round "1"]
[White "Serdean, Pavel Dorin"]
[Black "Bucur, Sorin"]
[Result "1-0"]
[WhiteElo "2215"]
[BlackElo "1790"]
[PlyCount "103"]
[EventDate "1998.07.??"]
[EventType "team"]
[EventRounds "9"]
[EventCountry "ROU"]
[SourceTitle "EXT 2004"]
[Source "ChessBase"]
[SourceDate "2003.11.25"]
[SourceVersion "1"]
[SourceVersionDate "2003.11.25"]
[SourceQuality "1"]

1. d4 Nf6 2. c4 g6 3. f3 Bg7 4. e4 d6 5. Nc3 Nc6 6. Nge2 a6 7. Be3 0-0 8. Qd2 Re8 9. a3 Na5 10. Nc1 Rb8 11. b4 Nc6 12. Nb3 b6 13. Be2 e5 14. d5 Ne7 15. g4 c6 16. 0-0-0 cxd5 17. cxd5 Qc7 18. Kb1 a5 19. Nb5 Qd8 20. Rc1 axb4 21. Qxb4 Ba6 22. Bc4 Bxb5 23. Bxb5 Rf8 24. Rc2 Nc8 25. Rhc1 Nd7 26. Ba6 Nc5 27. Nxc5 dxc5 28. Bxc5 Re8 29. Bxc8 Rxc8 30. Bxb6 Qd7 31. Rc7 Rxc7 32. Rxc7 Qd8 33. Qb5 Rf8 34. Rxf7 Qh4 35. Rxf8+ Bxf8 36. d6 Qe1+ 37. Kc2 Bh6 38. Qe8+ Bf8 39. Qe6+ Kg7 40. Qxe5+ Kh6 41. Qf4+ Kg7 42. Bd4+ Kg8 43. e5 Qe2+ 44. Kc3 Qa6 45. Bc5 Qc6 46. Qc4+ Kh8 47. e6 Qxf3+ 48. Kb4 Qb7+ 49. Ka5 Qa8+ 50. Kb5 Qb7+ 51. Bb6 Bg7 52. d7 1-0

[Event "ROM-chT2"]
[Site "Sovata"]
[Date "1997.??.??"]
[Round "1"]
[White "Ionescu, Cristian Dan"]
[Black "Serdean, Pavel Dorin"]
[Result "1-0"]
[WhiteElo "2270"]
[BlackElo "2225"]
[PlyCount "123"]
[EventDate "1997.10.??"]
[EventType "team-tourn"]
[EventRounds "7"]
[EventCountry "ROU"]
[SourceTitle "EXT 2000"]
[Source "ChessBase"]
[SourceDate "1999.11.16"]
[SourceVersion "1"]
[SourceVersionDate "1999.11.16"]
[SourceQuality "1"]

1. d4 Nf6 2. c4 g6 3. Nc3 Bg7 4. e4 d6 5. Nf3 0-0 6. Be2 e5 7. Be3 Nc6 8. d5 Ne7 9. Nd2 Nd7 10. f3 f5 11. 0-0 a5 12. a3 f4 13. Bf2 g5 14. Nb5 h5 15. b4 Nf6 16. c5 Ne8 17. Nc4 axb4 18. axb4 Ra6 19. Rxa6 bxa6 20. Na7 Bd7 21. c6 Bc8 22. Na5 Ng6 23. Nxc8 Qxc8 24. Qd3 Qd8 25. Qxa6 Nf6 26. Qd3 g4 27. Rb1 g3 28. Be1 gxh2+ 29. Kxh2 Nh7 30. b5 Qg5 31. Qd2 Nh4 32. Bxh4 Qxh4+ 33. Kg1 Nf6 34. b6 cxb6 35. Rxb6 Ng4 36. fxg4 hxg4 37. Bxg4 Qxg4 38. Rb3 f3 39. c7 Bh6 40. Qf2 Kh7 41. Rxf3 Re8 42. Rf7+ Kg8 43. Rf5 Qd1+ 44. Qf1 Be3+ 45. Kh2 Bf4+ 46. Rxf4 Qh5+ 47. Kg3 exf4+ 48. Qxf4 Kh7 49. Qf5+ Qxf5 50. exf5 Rc8 51. Nc4 Rxc7 52. Nxd6 Rg7+ 53. Kf3 Kg8 54. Ne4 Kf8 55. g4 Ra7 56. Kf4 Ra1 57. Ke5 Re1 58. g5 Re2 59. g6 Re1 60. d6 Rd1 61. Ke6 Ke8 62. g7 1-0

[Event "ROM-chT"]
[Site "Romania"]
[Date "1994.??.??"]
[Round "?"]
[White "Serdean, Pavel Dorin"]
[Black "Grunberg, Mihai Lucian"]
[Result "0-1"]
[WhiteElo "2240"]
[BlackElo "2340"]
[PlyCount "118"]
[EventDate "1994.??.??"]
[EventType "team"]
[EventRounds "10"]
[EventCountry "ROU"]
[SourceTitle "EXT 1997"]
[Source "ChessBase"]
[SourceDate "1996.11.15"]
[SourceVersion "1"]
[SourceVersionDate "1996.11.15"]
[SourceQuality "1"]

1. d4 f5 2. Nc3 d5 3. e4 dxe4 4. Bf4 Nf6 5. f3 c6 6. Qd2 Nd5 7. 0-0-0 Nxf4 8. Qxf4 Qd6 9. Qxd6 exd6 10. fxe4 fxe4 11. Nxe4 Be7 12. Re1 0-0 13. Nf3 Bg4 14. Neg5 Bxg5+ 15. Nxg5 h6 16. Ne4 d5 17. Ng3 Rf2 18. h3 Bd7 19. Rg1 Na6 20. Re7 Re8 21. Rxe8+ Bxe8 22. Bxa6 bxa6 23. Re1 Bg6 24. Re2 Rf6 25. Kd2 h5 26. Ke1 h4 27. Nf1 Rf4 28. c3 Bd3 29. Rf2 Rxf2 30. Kxf2 Bxf1 31. Kxf1 Kf7 32. Kf2 Kf6 33. Kf3 Kf5 34. b4 Kg5 35. g4 hxg3 36. Kxg3 Kh5 37. Kf4 Kh4 38. Kf5 Kxh3 39. Kg6 Kg4 40. Kxg7 Kf5 41. Kf7 Ke4 42. Ke6 Kd3 43. Kd6 Kxc3 44. Kc5 Kd3 45. a4 Kc3 46. a5 Kd3 47. Kxc6 Kxd4 48. b5 axb5 49. Kxb5 Ke5 50. Ka6 d4 51. Kxa7 d3 52. a6 d2 53. Kb8 d1Q 54. a7 Qb3+ 55. Ka8 Qd5+ 56. Kb8 Qb5+ 57. Kc7 Qa6 58. Kb8 Qb6+ 59. Ka8 Qc6+ 0-1